Garcilaso de la Vega
Enregistré dans:
| Auteurs principaux: | , |
|---|---|
| Format: | Livre |
| Langue: | espagnol |
| Publié: |
Santiago
Universitaria
1960
|
| Sujets: | |
| Tags: |
Ajouter un tag
Pas de tags, Soyez le premier à ajouter un tag!
|
MARC
| LEADER | 00000nam a2200000 a 4500 | ||
|---|---|---|---|
| 001 | UCQ4768 | ||
| 003 | CL-VaPUC | ||
| 008 | 980910e19600000CL |||||||||||||||||spa|d | ||
| 082 | 0 | 4 | |a 861.09 |b DOD |2 21 |
| 100 | 0 | |a Doddis Miranda, Antonio |e author |9 418959 | |
| 700 | 0 | |a Sepúlveda Durán, Germán |e author |9 418960 | |
| 245 | 1 | 0 | |a Garcilaso de la Vega |
| 300 | |a 572 p | ||
| 942 | |c BK | ||
| 945 | |d 19980910 00:00:00 |a lriquelm | ||
| 260 | |a Santiago |b Universitaria |c 1960 | ||
| 600 | 0 | |a VEGA, GARCILASO DE LA |9 508868 | |
| 650 | 0 | |a Poesías españolas |9 265100 | |
| 650 | 0 | |a Historia y crítica |9 257407 | |
| 650 | 0 | |a Crítica e interpretación |9 255042 | |
| 583 | |a last modification |c 19980910 00:00:00 |k Rodrigo Vera | ||
| 999 | |c 275070 |d 275068 | ||
| 952 | |0 0 |1 0 |4 0 |6 861_090000000000000_DOD_1960 |7 0 |8 A |9 311613 |a BIBEDU |b BIBEDU |d 2019-11-20 |i 1467336 |o 861.09 DOD 1960 |p 1467336 |r 2019-11-20 |w 2019-11-20 |y BK |k LIT | ||